书目信息 |
| 题名: |
造纸工业蒸煮废液的综合利用与污染防治技术
|
|
| 作者: | 张珂 主编 | |
| 分册: | ||
| 出版信息: | 北京 中国轻工业出版社 1992.12 |
|
| 页数: | 606页 | |
| 开本: | 32开 | |
| 丛书名: | ||
| 单 册: | ||
| 中图分类: | X793 | |
| 科图分类: | ||
| 主题词: | 轻工业--废物处理 , 轻工业--废物综合利用 | |
| 电子资源: | ||
| ISBN: | ||
| 000 | 00648nam0 2200205 45 | |
| 001 | 0006141671 | |
| 005 | 20000614160902.7 | |
| 010 | @d25.60元 | |
| 100 | @a20000614d1992 km y0chiy0120 ea | |
| 101 | 0 | @achi |
| 105 | @a z 000yy | |
| 200 | 1 | @a造纸工业蒸煮废液的综合利用与污染防治技术@AZao Zhi Gong Ye Zheng Zhu Fei Ye De Zong He Li Yong Yu Wu Ran Fang Zhi Ji Shu@f张珂主编@FZhang Ke Zhu Bian |
| 210 | @a北京@c中国轻工业出版社@d1992.12 | |
| 215 | @a606页@d32开 | |
| 606 | 0 | @a轻工业@x废物处理 |
| 606 | 0 | @a轻工业@x废物综合利用 |
| 690 | @aX793@v3 | |
| 701 | 0 | @a张珂@4主编 |
| 801 | @aCN@bPftUser@c20000614 | |
| 905 | @b204814-815@dX793@eZH114@f2 | |
| 造纸工业蒸煮废液的综合利用与污染防治技术/张珂主编.-北京:中国轻工业出版社,1992.12 |
| 606页;32开 |
| ISBN :25.60元 |
| ● |
| 相关链接 |
|
|
|
正题名:造纸工业蒸煮废液的综合利用与污染防治技术
索取号:X793/ZH114
 
预约/预借
| 序号 | 登录号 | 条形码 | 馆藏地/架位号 | 状态 | 备注 |
| 1 | 204814 | 202048140 | 市政与环境工程学院资料室/201建筑库 64排7列4层/ [索取号:X793/ZH114] | 在馆 | |
| 2 | 204815 | 202048159 | 自科库501/501自科库 111排2列1层/ [索取号:X793/ZH114] | 在馆 |